| 000 | 00682nam a2200241 a 4500 | ||
|---|---|---|---|
| 008 | |||
| 020 | _a027303314x (pbk.) | ||
| 049 | _aMAIN | ||
| 090 |
_aHF5437.A3 _bBAI |
||
| 245 | 1 | 0 |
_aPurchasing principles and management / _cPeter Baily [and] David Farmer. |
| 250 | _a6th ed. | ||
| 260 |
_aLondon : _bPitman, _c1990. |
||
| 300 |
_a342 p: _bill. ; _c25 cm. |
||
| 500 | _aIncludes index. | ||
| 504 | _aIncludes bibliographical references. | ||
| 650 | _aPurchasing. | ||
| 700 | _aDavid Farmer. | ||
| 907 |
_a.b1035671x _b08-04-15 _c08-04-15 |
||
| 003 | |||
| 005 | 20230123122138.0 | ||
| 040 | _cNUST | ||
| 942 |
_cBOOKS _kHF5437.A3 _mBAI |
||
| 999 |
_c128585 _d128585 |
||